[Event "Czech Open A"]
[Site "Pardubice CZE"]
[Date "2006.07.21"]
[Round "1"]
[White "Svoboda,S"]
[Black "Prokopchuk,E"]
[Result "1/2-1/2"]
[WhiteElo "2309"]
[BlackElo "2521"]

1.e4 d6 2.d4 Nf6 3.Nc3 e5 4.Nf3 Nbd7 5.Bc4 Be7 6.O-O O-O 7.Re1 c6 8.a4 a5
9.h3 exd4 10.Qxd4 Nc5 11.e5 dxe5 12.Qxd8 Bxd8 13.Nxe5 Ne6 14.Be3 Bc7 15.Nf3 Bd7
16.Rad1 Rad8 17.Ng5 Rfe8 18.Nxe6 Bxe6 19.Bxe6 fxe6 20.Rxd8 Rxd8 21.Bg5 Kf7
22.Kf1 h6 23.Be3 Nd5 24.Nxd5 exd5 25.Bd4 b6 26.Bxg7 Bf4 27.Be5 Bxe5 28.Rxe5 Kf6
29.f4 Rb8 30.Kf2 b5 31.axb5 Rxb5 32.b3 Rc5 33.Re2 Rc3 34.Ke1 Kf5 35.Kd2 Rg3
36.Rf2 h5 37.Kc1 h4 38.Kb2 Re3 39.Ka3 Re4 40.Rf3 d4 41.g4+ hxg3 42.Rxg3 Rxf4
43.c3 c5 44.cxd4 cxd4 45.Ka4 Ke4 46.Kxa5 Rf3 47.Rg4+ Kd3 48.Rg8 Rf5+ 49.Ka6 Kc3
50.Rg3+ Kb4 51.h4 Rd5 52.Rd3 Kc5 53.Rd1 d3 54.h5 Kb4 55.h6 Rd6+ 56.Kb7 Kc3
57.b4 Kc2 58.Rg1 d2 59.b5 Rxh6 60.b6 Rd6  1/2-1/2

[Event "10th Battle of Senta 1697 Open"]
[Site "Senta SCG"]
[Date "2006.07.21"]
[Round "1"]
[White "Djokic,Neb"]
[Black "Lorinczy,J"]
[Result "1-0"]
[WhiteElo "2256"]
[BlackElo "1983"]

1.e4 d6 2.d4 Nf6 3.Nc3 c6 4.f3 g6 5.Be3 Bg7 6.Qd2 h5 7.O-O-O Be6 8.Kb1 a5
9.Nge2 b5 10.d5 Bd7 11.dxc6 Bxc6 12.e5 b4 13.exf6 Bxf6 14.Nd5 Bg7 15.Bb6  1-0

[Event "Czech Open A"]
[Site "Pardubice CZE"]
[Date "2006.07.22"]
[Round "2"]
[White "Leon Hoyos,M"]
[Black "Dinger,F"]
[Result "1-0"]
[WhiteElo "2436"]
[BlackElo "2259"]

1.e4 d6 2.d4 Nf6 3.Nc3 Nbd7 4.Nf3 e5 5.Bc4 Be7 6.O-O O-O 7.Re1 c6 8.a4 b6
9.d5 c5 10.a5 bxa5 11.Nd2 Nb6 12.Be2 Bd7 13.b3 Rb8 14.Nf1 a4 15.bxa4 Ne8
16.Bg4 Nc7 17.Ne3 g6 18.h3 Bg5 19.a5 Nc8 20.Bxd7 Qxd7 21.Ng4 Qd8 22.Qf3 Kg7
23.Qg3 Bxc1 24.Raxc1 f5 25.exf5 Rxf5 26.Rb1 Rb4 27.Qd3 Ne7 28.Ne3 Rff4 29.Ne2 Rxb1
30.Rxb1 Ra4 31.c4 g5 32.Ng3 Rb4 33.Ng4 Rxb1+ 34.Qxb1 Kh8 35.Nf6 Ng6 36.Qf5 Na6
37.Nge4 Nb4 38.Nxg5  1-0

[Event "Czech Open A"]
[Site "Pardubice CZE"]
[Date "2006.07.22"]
[Round "2"]
[White "Bucinskas,V"]
[Black "Barthel,A"]
[Result "1-0"]
[WhiteElo "2333"]
[BlackElo "2227"]

1.e4 Nf6 2.Nc3 d6 3.d4 c6 4.f4 d5 5.e5 Ng8 6.Bd3 g6 7.Nf3 h5 8.O-O Nh6 9.b3 Bg4
10.Ne2 e6 11.Be3 Be7 12.c4 Nf5 13.Qd2 Kf8 14.Rac1 Kg7 15.Ne1 Nxe3 16.Qxe3 Bxe2
17.Bxe2 Nd7 18.Nf3 Qa5 19.Rc2 Rhc8 20.f5 gxf5 21.Ng5 dxc4 22.Bxh5 Nxe5 23.Nxf7 Nxf7
24.Qxe6 Qd5 25.Qxe7 Rf8 26.Qh4 Rad8 27.Rf4 Rfe8 28.bxc4 Qe6 29.Rc3 Qe1+ 30.Qxe1 Rxe1+
31.Kf2 Re4 32.Rg3+ Kf6 33.Rg6+ Ke7 34.Rxe4+ fxe4 35.Rg7 Rh8 36.g4  1-0

[Event "Czech Open A"]
[Site "Pardubice CZE"]
[Date "2006.07.22"]
[Round "2"]
[White "Varitski,I"]
[Black "Kalnins,K"]
[Result "1-0"]
[WhiteElo "2334"]
[BlackElo "2228"]

1.e4 d6 2.d4 Nf6 3.Nc3 e5 4.dxe5 dxe5 5.Qxd8+ Kxd8 6.Bc4 Be6 7.Bxe6 fxe6
8.f3 c6 9.Be3 Bd6 10.Nh3 Ke7 11.Nf2 Nbd7 12.Nd3 h6 13.Ke2 b5 14.a4 b4 15.Nb1 a5
16.Nd2 Bc7 17.Nc4 g5 18.c3 bxc3 19.bxc3 g4 20.Rab1 gxf3+ 21.gxf3 Nh5 22.Rb7 Kd8
23.Rg1 Kc8 24.Rb2 Nhf6 25.Rg6 Rg8 26.Rxh6 Rg2+ 27.Bf2  1-0

[Event "10th Battle of Senta 1697 Open"]
[Site "Senta SCG"]
[Date "2006.07.22"]
[Round "3"]
[White "Savic,Draga"]
[Black "Toth,K"]
[Result "1/2-1/2"]
[WhiteElo "2224"]
[BlackElo "2037"]

1.e4 d6 2.d4 c6 3.Nc3 Nf6 4.Nf3 g6 5.Be2 Bg7 6.O-O O-O 7.h3 b5 8.a3 a6 9.Bg5 Nbd7
10.Qd2 c5 11.dxc5 Nxc5 12.e5 dxe5 13.Qxd8 Rxd8 14.Nxe5 Bb7 15.Rfd1 h6 16.Be3 Ncd7
17.Bd4 Nxe5 18.Bxe5 Rac8 19.Rxd8+ Rxd8 20.Rd1 Rxd1+ 21.Nxd1 Nd7 22.Bc7 Kf8
23.c4 bxc4 24.Bxc4 Bd4 25.Kf1 e5 26.f3 Ke7 27.Ke2 f5 28.b4 Nf8 29.Nf2 Ne6
30.Bb8 Nf4+ 31.Kf1 Nd5 32.Nd1 Nb6 33.Be2 Nd5 34.Bc4 g5 35.Bd3 Ke6 36.g4 fxg4
37.hxg4 Nf6 38.Be2 h5 39.Nf2 h4 40.a4 Bc3 41.Nd3 Nd7 42.Ba7 e4 43.fxe4 Bxe4
44.Nf2 Bb7 45.b5 axb5 46.Bxb5 Bd2 47.Bd4 Ne5 48.Bb6 Nd7 49.Bd8 Bf3 50.a5 Ne5
51.Be2 Ba8 52.a6 Be3 53.Nh3 Nf7 54.Bc4+ Bd5 55.Bxd5+ Kxd5 56.Bxg5 Nxg5 57.Nxg5 Kc6
58.Nh3 Kb6 59.Ke2 Bc1 60.Kf3 Bh6 61.Ke4 Kxa6 62.Kf5 Kb6 63.Kg6 Be3 64.Kh5 Kc6
65.Kxh4 Kd7 66.Kh5 Ke8 67.Kg6 Kf8 68.Ng5 Kg8 69.Ne6 Bc1 70.Nc5 Be3 71.Ne4 Kh8
72.Nf6 Bc1 73.Nh5 Bd2 74.Kf5 Kh7 75.Nf6+ Kh6  1/2-1/2

[Event "10th Battle of Senta 1697 Open"]
[Site "Senta SCG"]
[Date "2006.07.22"]
[Round "3"]
[White "Sekelj,G"]
[Black "Markovic,Dr2"]
[Result "1-0"]
[WhiteElo "2238"]
[BlackElo "2060"]

1.e4 d6 2.d4 Nf6 3.Nc3 c6 4.f4 e6 5.Nf3 d5 6.e5 Ng8 7.Be3 b6 8.Ne2 Ne7 9.Ng3 Ba6
10.Bxa6 Nxa6 11.c3 Nc7 12.Qd3 g6 13.O-O-O b5 14.Ne2 Nf5 15.Bf2 h5 16.g3 Qd7
17.h3 O-O-O 18.g4 Ng7 19.Ng3 Be7 20.Ne2 Rdf8 21.Kb1 Kb8 22.Rdf1 a6 23.Bh4 Ka7
24.Ng3 b4 25.f5 Bxh4 26.Nxh4 g5 27.f6 Nge8 28.Nf3 h4 29.Ne2 c5 30.dxc5 Qa4
31.cxb4 Qxb4 32.Nxg5 Nb5 33.Nf3 Nec7 34.Ned4 Qxc5 35.Rc1 Qb6 36.Rc6 Qa5 37.Rhc1 Ka8
38.Nb3 Qa4 39.Nfd4 Kb8 40.Nxb5 Nxb5 41.Nc5  1-0

[Event "32nd Open"]
[Site "Sitges ESP"]
[Date "2006.07.22"]
[Round "2"]
[White "Neelotpal,D"]
[Black "Lopez Baena,D"]
[Result "1-0"]
[WhiteElo "2490"]
[BlackElo "2093"]

1.e4 d6 2.Nc3 Nf6 3.d4 e5 4.Nf3 Nbd7 5.Bc4 Be7 6.O-O c6 7.a4 Qc7 8.Re1 h6
9.Nh4 exd4 10.Qxd4 Ne5 11.Bf1 g5 12.Nf5 Bxf5 13.exf5 Qb6 14.Qd1 Nfg4 15.Qe2 d5
16.h3 Nxf2 17.Qxf2 Qc7 18.f6 Bd6 19.Qf5 Kf8 20.Be3  1-0

[Event "3rd ACT"]
[Site "Amsterdam NED"]
[Date "2006.07.23"]
[Round "9"]
[White "Walton,A"]
[Black "Hopman,P"]
[Result "1/2-1/2"]
[WhiteElo "2222"]
[BlackElo "2304"]

1.d4 d6 2.e4 Nf6 3.Nc3 Nbd7 4.Nf3 e5 5.Be3 c6 6.a4 Be7 7.Qd2 b6 8.Bd3 a6
9.O-O Rb8 10.Ne2 O-O 11.c3 Re8 12.h3 Bf8 13.Ng3 b5 14.a5 exd4 15.cxd4 c5
16.e5 Nd5 17.Bg5 f6 18.exf6 N7xf6 19.Rfe1 c4 20.Bc2 g6 21.Ne4 Bg7 22.Nxf6+ Bxf6
23.Rxe8+ Qxe8 24.Bxf6 Nxf6 25.Qf4 Qf8 26.Re1 Rb7 27.b3 Rf7 28.bxc4 Nh5 29.Qe3 bxc4
30.Ng5 Rf6 31.Be4 Nf4 32.g3 Nxh3+ 33.Nxh3 Bxh3 34.Bd5+ Kh8 35.Bxc4 Bc8 36.d5 Kg8
37.Qb6 Rf7 38.Bxa6 Bxa6 39.Qxa6 Rxf2 40.Rf1 Rxf1+ 41.Qxf1 Qb8 42.a6 Qb3 43.Qf2 Qd1+
44.Kh2 Qh5+ 45.Kg1  1/2-1/2

[Event "Czech Open A"]
[Site "Pardubice CZE"]
[Date "2006.07.23"]
[Round "3"]
[White "Krapivin,V"]
[Black "Stoma,P"]
[Result "1/2-1/2"]
[WhiteElo "2396"]
[BlackElo "2265"]

1.e4 d6 2.d4 Nf6 3.Nc3 Nbd7 4.Nf3 e5 5.Bc4 Be7 6.O-O O-O 7.a4 c6 8.Ba2 b6
9.Qe2 Bb7 10.Rd1 Qc7 11.dxe5 dxe5 12.Nh4 Nc5 13.Nf5 Bc8 14.Qf3 Be6 15.Bg5 Bxa2
16.Rxa2 Rad8 17.Raa1 Kh8  1/2-1/2

[Event "Politiken Cup"]
[Site "Copenhagen DEN"]
[Date "2006.07.24"]
[Round "3"]
[White "De Firmian,N"]
[Black "Hansen,ReR"]
[Result "1-0"]
[WhiteElo "2559"]
[BlackElo "2096"]

1.e4 d6 2.d4 Nf6 3.Nc3 e5 4.Nf3 Nbd7 5.Bc4 Be7 6.O-O O-O 7.Re1 c6 8.a4 b6
9.b3 h6 10.Bb2 Qc7 11.h3 Re8 12.Re3 Bf8 13.Qd2 a6 14.dxe5 dxe5 15.Nh4 Nc5
16.Bf1 Ra7 17.Ba3 Qd8 18.Qe1 Ng4 19.hxg4 Qxh4 20.f3 Qxe1 21.Rexe1 b5 22.axb5 axb5
23.Bb2 Ne6 24.Rxa7 Bc5+ 25.Kh2 Bxa7 26.Ne2 Nd4 27.Ra1 Bb6 28.Nxd4 exd4 29.Kg3 g5
30.Bd3 Bb7 31.Rh1 Re6 32.Kf2 Kg7 33.b4 Re8 34.Ke2 Ra8 35.Kd2 Rd8 36.e5 c5
37.bxc5 Bxc5 38.Bxb5 Rd5 39.Bc4 Rxe5 40.c3 Re8 41.cxd4 Rd8 42.Kd3 f5 43.gxf5 Bc8
44.g4 Bb7 45.d5+ Kh7 46.Bf6  1-0

[Event "Open"]
[Site "Kiel GER"]
[Date "2006.07.24"]
[Round "5"]
[White "Gruenter,M"]
[Black "Horn,Pe"]
[Result "0-1"]
[WhiteElo "1897"]
[BlackElo "2174"]

1.e4 d6 2.d4 Nf6 3.Nc3 e5 4.Nf3 Nbd7 5.Bd3 Be7 6.O-O O-O 7.Ne2 exd4 8.Nexd4 Nc5
9.Re1 Nxd3 10.cxd3 c5 11.Nc2 d5 12.e5 Ne8 13.d4 b6 14.Ne3 Nc7 15.Qc2 g6 16.Rd1 Be6
17.Qe2 Re8 18.h3 Qd7 19.Nc2 f5 20.Ng5 c4 21.h4 h6 22.Nf3 Kh7 23.Nce1 b5 24.Bf4 b4
25.Rdc1 a5 26.g3 a4 27.Bd2 Nb5 28.Qe3 Bf8 29.a3 bxa3 30.bxa3 Rec8 31.Ng2 Rab8
32.Nf4 Nc7 33.h5 g5 34.Ng6 Rb3 35.Nxf8+ Rxf8 36.Bc3 Nb5 37.Nd2 f4 38.gxf4 gxf4
39.Qf3 Bg4  0-1

[Event "Czech Open A"]
[Site "Pardubice CZE"]
[Date "2006.07.24"]
[Round "4"]
[White "Schneider,Dav"]
[Black "Biti,O"]
[Result "1-0"]
[WhiteElo "2202"]
[BlackElo "2355"]

1.d4 Nf6 2.Nc3 d6 3.e4 c6 4.f4 Qa5 5.Bd3 e5 6.Nf3 Bg4 7.Be3 Nbd7 8.O-O Be7
9.h3 Bh5 10.Qe1 Bxf3 11.Rxf3 O-O 12.a3 Ne8 13.Qf2 Bf6 14.Ne2 Qd8 15.c3 Qe7
16.Rf1 g6 17.Bb1 Bg7 18.g4 exf4 19.Bxf4 Nb6 20.Bc1 d5 21.Ng3 Nc7 22.e5 Nd7
23.g5 Ne6 24.Rf6 Nb6 25.Nf5 Qd7 26.Nd6 Nd8 27.Qh4 Nc4 28.Nf5 Ne6 29.Nxg7 Nxg7
30.Bd3 Rae8 31.Qh6 Nh5 32.Kg2 Nxe5 33.dxe5 Rxe5 34.Bxg6 Nxf6 35.Bf5 Rxf5
36.gxf6 Rxf6 37.Qxf6 Re8 38.Bh6 Re2+ 39.Kg1  1-0

[Event "Czech Open A"]
[Site "Pardubice CZE"]
[Date "2006.07.24"]
[Round "4"]
[White "Klima,L"]
[Black "Lorscheid,G"]
[Result "1/2-1/2"]
[WhiteElo "2443"]
[BlackElo "2294"]

1.e4 d6 2.d4 Nf6 3.Nc3 e5 4.Nf3 Nbd7 5.Bc4 Be7 6.O-O O-O 7.Re1 c6 8.a4 b6
9.d5 cxd5 10.Nxd5 Bb7 11.b3 Rc8 12.Re2 Nxd5 13.Bxd5 Bxd5 14.Qxd5 Nf6 15.Qd1 d5
16.exd5 Qxd5 17.Qxd5 Nxd5 18.c4 Bf6 19.cxd5 e4 20.Bb2 exf3 21.gxf3 Bxb2 22.Rxb2 Rc3
23.Rd1 Rxf3 24.Re2 Rd8 25.Re7 Rxb3 26.d6 g6 27.Rxa7 Rb4  1/2-1/2

[Event "Czech Open A"]
[Site "Pardubice CZE"]
[Date "2006.07.24"]
[Round "4"]
[White "Franssila,T"]
[Black "Krapivin,V"]
[Result "1/2-1/2"]
[WhiteElo "2275"]
[BlackElo "2396"]

1.e4 d6 2.d4 Nf6 3.Nc3 e5 4.dxe5 dxe5 5.Qxd8+ Kxd8 6.Bg5 c6 7.Bc4 Ke8 8.O-O-O Nbd7
9.Nf3 Be7 10.Bh4 b5 11.Bb3 Ng4 12.Bg3 f6 13.Be6 Nc5 14.Bxc8 Rxc8 15.Nd2 Ne6
16.h3 Nh6 17.Nb3 Nf7 18.f3 Bb4 19.Ne2 Ke7 20.Bf2 a6 21.c3 Bd6 22.Rd2 Rhd8
23.Rhd1 Bc7 24.Rxd8 Bxd8 25.Nc5 Nxc5 26.Bxc5+ Ke8 27.Kc2  1/2-1/2

[Event "ITT"]
[Site "Villa Martelli ARG"]
[Date "2006.07.24"]
[Round "1"]
[White "Fusco,L"]
[Black "Guerrero,Alv"]
[Result "1-0"]
[WhiteElo "2249"]
[BlackElo "2168"]

1.e4 d6 2.d4 Nf6 3.Nc3 e5 4.dxe5 dxe5 5.Qxd8+ Kxd8 6.Bc4 Ke8 7.Nf3 Bd6 8.h3 a6
9.a4 h6 10.Be3 Be6 11.Bxe6 fxe6 12.Ke2 Nbd7 13.Nd2 Ke7 14.f3 Nh5 15.Kf2 Rhf8
16.g3 Rf7 17.Kg2 Raf8 18.Rhf1 Nb8 19.Ne2 Nc6 20.c3 Rd8 21.a5 Ke8 22.Nc4 Rfd7
23.b4 Be7 24.Rfb1 Rd3 25.Kf2 Bf6 26.b5 Nb8 27.bxa6 bxa6 28.Rb7 R3d7 29.Ra7 g6
30.Rb1 Rh7  1-0

[Event "MTO Open"]
[Site "Biel SUI"]
[Date "2006.07.25"]
[Round "2"]
[White "Fressinet,L"]
[Black "Skoberne,J"]
[Result "1-0"]
[WhiteElo "2626"]
[BlackElo "2407"]

1.e4 d6 2.d4 Nf6 3.Nc3 e5 4.Nge2 Be7 5.g3 c6 6.Bg2 O-O 7.O-O b5 8.a3 Bb7
9.h3 Nbd7 10.g4 Nb6 11.Ng3 exd4 12.Qxd4 d5 13.Nf5 c5 14.Qe5 Re8 15.Bg5 Bf8
16.Qf4 dxe4 17.Nxb5 Nfd5 18.Bxd8 Nxf4 19.Bxb6 axb6 20.Nc7 Nxg2 21.Kxg2 e3+
22.f3 g6 23.Nxe8 Rxe8 24.Ng3 e2 25.Rfe1 Re3 26.Ne4 f5 27.gxf5 gxf5 28.Kf2 fxe4
29.Rg1+ Kf7 30.Kxe3 exf3 31.Rg3 Bh6+ 32.Kf2 Bd2 33.Rag1 Be4 34.c3 Ke6 35.Rg8 Kf5
36.Rd8 Bh6 37.Rd7 Ke6 38.Rd8 c4 39.Rb8 Bd2 40.Rxb6+ Kf5 41.Rb5+ Kf6 42.a4 Bf4
43.a5 h5 44.Rxh5 Bh2 45.Rhg5 Bb8 46.Rb5  1-0

[Event "MTO Open"]
[Site "Biel SUI"]
[Date "2006.07.25"]
[Round "2"]
[White "Bauer,Ch"]
[Black "Klenburg,M"]
[Result "1-0"]
[WhiteElo "2599"]
[BlackElo "2403"]

1.e4 d6 2.d4 Nf6 3.Nc3 e5 4.Nf3 Nbd7 5.Bc4 Be7 6.O-O O-O 7.Re1 c6 8.a4 Qc7
9.h3 b6 10.d5 Bb7 11.dxc6 Bxc6 12.Bb5 Rfe8 13.Bg5 h6 14.Bxf6 Nxf6 15.Qd3 Rec8
16.Bxc6 Qxc6 17.Nd2 Nd7 18.Nf1 Nc5 19.Qd1 Bf8 20.Ng3 g6 21.h4 Ne6 22.h5 Nf4
23.hxg6 fxg6 24.Qg4 Qe8 25.Nge2 Nh5 26.Nc1 Nf6 27.Qe2 Qc6 28.Nd3 Qc4 29.Qf3 Kg7
30.Ra3 Be7 31.Rb3 Rf8 32.Qe2 Qe6 33.Nb5 Qd7 34.Nb4 a5 35.Nd3 Rae8 36.Nc3 Bd8
37.Rb5 Rf7 38.Rd1 Qc6 39.Nd5 Nxd5 40.Rxd5 Qxa4 41.Rxd6 Bc7 42.b3 Qb5 43.Rxg6+  1-0

[Event "XLVIII TCh-POR"]
[Site "Evora POR"]
[Date "2006.07.25"]
[Round "4"]
[White "Lopez Martinez,J"]
[Black "Galego,L"]
[Result "0-1"]
[WhiteElo "2480"]
[BlackElo "2528"]

1.e4 d6 2.d4 c6 3.Nc3 Nf6 4.f4 Qa5 5.Bd3 e5 6.dxe5 dxe5 7.f5 Nbd7 8.Nf3 Qb6
9.Qe2 a5 10.Nd1 a4 11.a3 Bc5 12.Ne3 Qc7 13.Bd2 b5 14.g4 Ba6 15.g5 Nh5 16.Ng4 O-O-O
17.O-O-O Rhe8 18.Kb1 Nf4 19.Bxf4 exf4 20.Qd2 f6 21.Rhe1 Bb6 22.gxf6 Nxf6
23.Nxf6 gxf6 24.Qc3 Rd6 25.e5 fxe5 26.Rxe5 Red8 27.Rde1 Ba5 28.Qc5 Bxe1 29.Rxe1 Rd5
30.Qc3 Kb8 31.f6 Bc8 32.Re7 Bd7 33.f7 Qd6 34.Qe1 Rf8 35.Ka1 Kb7 36.h4 h6
37.Qe2 Kb6 38.Ne5 Rxe5 39.Rxe5 Rxf7 40.c4 Qd4 41.Re4 Qg1+ 42.Ka2 f3 43.Qd2 Qc5
44.Qc3 Re7 45.Rxe7 Qxe7 46.Qd4+ Kb7 47.cxb5 Qe6+ 48.Ka1 cxb5 49.Be4+ Bc6
50.Qg7+ Ka6 51.Bxc6 Qxc6 52.Qf8 Kb6 53.Qd8+ Kc5 54.Qd2 Qf6 55.Qe3+ Kc6 56.Qf2 Qf5
57.Ka2 h5 58.Ka1 Kd5 59.Qd2+ Ke4 60.Qb4+ Ke3 61.Qe1+ Kf4 62.Qg1 Qg4 63.Qh2+ Qg3
64.Qd2+ Kg4 65.Qg5+ Kh3 66.Qxh5 f2 67.Qf5+ Kg2 68.Qe4+ Qf3  0-1

[Event "MTO Open"]
[Site "Biel SUI"]
[Date "2006.07.26"]
[Round "3"]
[White "Ulibin,M"]
[Black "Bauer,Ch"]
[Result "1-0"]
[WhiteElo "2489"]
[BlackElo "2599"]

1.e4 d6 2.d4 Nf6 3.Nc3 Nbd7 4.Nf3 e5 5.Bc4 Be7 6.O-O O-O 7.a4 c6 8.Ba2 a5
9.Qe2 exd4 10.Nxd4 Re8 11.Be3 Bf8 12.f3 Ne5 13.Kh1 Ng6 14.Qf2 Qc7 15.Rad1 h6
16.Rfe1 Be6 17.Nxe6 fxe6 18.Qg3 Kh7 19.f4 d5 20.e5 Ng8 21.Ne2 Qf7 22.c3 N6e7
23.Bb1+ g6 24.Qh3 Nf5 25.Bf2 Ng7 26.g4 b6 27.Nd4 Bc5 28.Nf3 Qxf4 29.Bh4 Rf8
30.Rf1 Kh8 31.Bxg6 Be7 32.Nd4 Qxf1+ 33.Rxf1 Rxf1+ 34.Qxf1 Bxh4 35.Bc2 Ra7
36.Qd3 Ne8 37.Qg6 Re7 38.Nxc6  1-0

[Event "XLVIII TCh-POR"]
[Site "Evora POR"]
[Date "2006.07.26"]
[Round "5"]
[White "Rocha,S"]
[Black "Hoffman,A"]
[Result "0-1"]
[WhiteElo "2401"]
[BlackElo "2408"]

1.e4 d6 2.d4 Nf6 3.Nc3 e5 4.Nf3 Nbd7 5.Bc4 Be7 6.O-O O-O 7.Re1 a6 8.a4 b6
9.Bg5 h6 10.Be3 Bb7 11.Nh4 Nxe4 12.Nf5 Nxc3 13.bxc3 Bg5 14.Qg4 d5 15.Bd3 e4
16.h4 Nf6 17.Qg3 Nh5 18.Qg4 Bxe3 19.Qxh5 Bd2 20.Red1 g6 21.Nxh6+ Bxh6 22.Qxh6 exd3
23.Rxd3 Qf6 24.Rf3 Qg7 25.Qf4 f6 26.a5 b5 27.Re1 Rae8 28.Rfe3 Re4 29.Rxe4 dxe4
30.c4 bxc4 31.c3 Bd5 32.Rb1 Qd7 33.Rb4 Kg7 34.Rb2 Re8 35.Qg3 Rh8 36.Qf4 Qe7
37.Rb4 f5 38.h5 Rxh5 39.Rb8 Rh4  0-1

[Event "Czech Open A"]
[Site "Pardubice CZE"]
[Date "2006.07.26"]
[Round "6"]
[White "Lintchevski,D"]
[Black "Lorscheid,G"]
[Result "1-0"]
[WhiteElo "2429"]
[BlackElo "2294"]

1.e4 d6 2.d4 Nf6 3.Nc3 e5 4.Nf3 Nbd7 5.g4 Nxg4 6.Rg1 Ngf6 7.Bc4 exd4 8.Qxd4 Nb6
9.Bg5 Nxc4 10.Qxc4 c6 11.O-O-O Be6 12.Qd4 Be7 13.e5 dxe5 14.Qxe5 Qb8 15.Qd4 Qc7
16.Qh4 Rd8 17.Na4 O-O 18.Bxf6  1-0

[Event "Czech Open A"]
[Site "Pardubice CZE"]
[Date "2006.07.26"]
[Round "6"]
[White "Gergel,V"]
[Black "Barthel,A"]
[Result "1/2-1/2"]
[WhiteElo "2320"]
[BlackElo "2227"]

1.e4 Nf6 2.Nc3 d6 3.d4 c6 4.Nf3 Bg4 5.h3 Bh5 6.Bd3 e6 7.Be3 d5 8.e5 Nfd7
9.Ne2 Bxf3 10.gxf3 c5 11.c3 Nc6 12.O-O Be7 13.f4 g6 14.Kg2 c4 15.Bc2 b5 16.Rh1 Nb6
17.Ng1 Qd7 18.h4 h5 19.Nf3 a5 20.Kh3 Bf8 21.Rg1 Ne7 22.a4 bxa4 23.Bxa4 Nxa4
24.Rxa4 Nc6 25.Qc2 Be7 26.Ra2 Qb7 27.Nd2 Kd7 28.Rb1 Rhb8 29.b3 cxb3 30.Rxb3 Qa6
31.Rxb8 Rxb8 32.c4 dxc4 33.Qxc4 Qxc4 34.Nxc4 Rb5 35.Kg3 Bb4 36.Kf3 Ne7 37.Bd2 Nf5
38.Ke4 Bxd2 39.Rxd2 a4 40.Ra2 Rb4 41.Rxa4 Rxa4 42.Nb6+ Kc6 43.Nxa4 Nxh4 44.Nc3 Nf5
45.d5+ exd5+ 46.Nxd5 h4 47.Nf6 Nh6 48.Kf3 Kc5 49.Kg2 Nf5 50.Kh3 Kd4 51.Kg4 Kd3
52.Nh7 Ke2 53.Ng5 Kxf2 54.Nxf7 Kg2 55.Ng5 Ne3+ 56.Kxh4 Nf5+  1/2-1/2

[Event "10th Battle of Senta 1697 Open"]
[Site "Senta SCG"]
[Date "2006.07.26"]
[Round "7"]
[White "Dudukovic,N"]
[Black "Ristic,Neb2"]
[Result "1-0"]
[WhiteElo "2054"]
[BlackElo "2263"]

1.e4 d6 2.d4 Nf6 3.Nc3 e5 4.Nf3 Nbd7 5.Bc4 Be7 6.O-O O-O 7.Re1 c6 8.a4 b6
9.b3 a6 10.d5 c5 11.Bf1 Ne8 12.Nd2 Bg5 13.Ba3 g6 14.Nc4 Rb8 15.b4 Qc7 16.Rb1 Ng7
17.Rb2 f5 18.bxc5 bxc5 19.Qb1 Rxb2 20.Qxb2 Nf6 21.exf5 Nxf5 22.Bd3 Nh4 23.Ne4 Nxe4
24.Bxe4 Qf7 25.Rf1 Be7 26.f3 Qf6 27.Qc1 Bd7 28.Nb6 Bf5 29.Nc4 Bd7 30.Nb6 Be8
31.Qd2 Bd8 32.a5 Rf7 33.Rb1 Bb5 34.c4 Be8 35.Rb3 Rb7 36.Bc1 Nf5 37.Rb2 Nd4
38.Qf2 Qg7 39.Be3 Nf5 40.Bd2 Bh4 41.Qf1 Nd4 42.Qb1 Rc7 43.Na8 Ra7 44.Rb8 Kf8
45.Qb6 Qe7 46.Qb2 Bg5 47.Bxg5 Qxg5 48.Rxe8+ Kxe8 49.Qb8+ Qd8 50.Qxa7 Qxa5
51.Qb8+ Kd7 52.Nb6+ Ke7 53.Nc8+ Kf7 54.Nxd6+ Kg7 55.Qb7+ Kh6 56.Nf7+ Kg7
57.Nxe5+ Kh6 58.Ng4+ Kg5 59.Qe7+ Kh5 60.Qxh7+  1-0

[Event "ITT"]
[Site "Villa Martelli ARG"]
[Date "2006.07.26"]
[Round "3"]
[White "Duarte,L"]
[Black "Guerrero,Alv"]
[Result "1-0"]
[WhiteElo "2390"]
[BlackElo "2168"]

1.e4 d6 2.d4 Nf6 3.Nc3 e5 4.f4 exd4 5.Qxd4 Be7 6.Nf3 O-O 7.Bd3 Nc6 8.Qf2 Nb4
9.O-O c6 10.Kh1 d5 11.e5 Nxd3 12.cxd3 Ng4 13.Qe2 Nh6 14.d4 b6 15.Nd1 a5 16.Rg1 c5
17.Nf2 Nf5 18.dxc5 bxc5 19.Rd1 Bb7 20.e6 f6 21.Qc2 g6 22.b3 Rc8 23.Re1  1-0

[Event "Czech Open B1"]
[Site "Pardubice CZE"]
[Date "2006.07.28"]
[Round "8"]
[White "Kopczynski,M"]
[Black "Startsev,V"]
[Result "1-0"]
[WhiteElo "2155"]
[BlackElo "2242"]

1.e4 d6 2.d4 Nf6 3.Nc3 e5 4.Nf3 Nbd7 5.Bc4 Be7 6.O-O O-O 7.a4 c6 8.Ba2 Qe8
9.Nh4 exd4 10.Qxd4 Ne5 11.f4 Bd8 12.Qxd6 Bb6+ 13.Kh1 Neg4 14.e5 Nf2+ 15.Rxf2 Bxf2
16.Nf3 Ng4 17.h3 Nh6 18.Ne4 Nf5 19.Qd3 Bb6 20.g4 Qe7 21.gxf5 Bxf5 22.Qe2 Rad8
23.Bd2 Qd7 24.Nd6 Bxc2 25.Ng5 h6 26.Ndxf7 Rxf7 27.e6 Qxd2 28.exf7+ Kf8 29.Ne6+ Ke7
30.f8=Q+  1-0

[Event "10th Battle of Senta 1697 Open"]
[Site "Senta SCG"]
[Date "2006.07.28"]
[Round "9"]
[White "Pap,M"]
[Black "Tadic,B"]
[Result "1/2-1/2"]
[WhiteElo "2409"]
[BlackElo "2487"]

1.e4 d6 2.d4 Nf6 3.Nc3 e5 4.Nge2 Be7 5.f3 c6 6.Be3 Qa5 7.Qd2 b5 8.Nc1 O-O
9.Nb3 Qc7 10.dxe5 dxe5 11.Qf2 Nbd7 12.a4 b4 13.Nb1 Rd8 14.N1d2 Nf8 15.Bc4 Ne6
16.O-O Nf4 17.Rfd1 N6h5  1/2-1/2

[Event "35th TCh-GRE"]
[Site "Ermioni GRE"]
[Date "2006.07.??"]
[Round "8"]
[White "Papadopoulos,I"]
[Black "Managadze,N"]
[Result "0-1"]
[WhiteElo "2285"]
[BlackElo "2444"]

1.e4 d6 2.d4 Nf6 3.Nc3 Nbd7 4.Nf3 e5 5.Bc4 exd4 6.Qxd4 c6 7.Bf4 b5 8.Be2 Qb6
9.a3 Bb7 10.Rd1 c5 11.Qe3 a6 12.e5 dxe5 13.Nxe5 Nxe5 14.Bxe5 Be7 15.Bd6 Ng8
16.b4 Kf8 17.bxc5 Qa5 18.O-O Re8 19.Rfe1 h5 20.Bf3 Bxf3 21.Qxf3 Rh6 22.Qc6 Qxc3
23.Qd7 Re6 24.Rxe6 fxe6 25.Qxe6 Bxd6 26.Qxd6+ Kf7 27.Qd5+ Kg6 28.h3 Nf6 29.Qd6 Rc8
30.Rd5 Qe1+ 31.Kh2 Qxf2 32.c6 Qb6 33.Rc5 Qc7 34.Qxc7 Rxc7 35.c4 bxc4 36.Rxc4 Kf5
37.g4+ hxg4 38.hxg4+ Nxg4+ 39.Kg3 Ne5  0-1

[Event "VIII Open"]
[Site "Sants ESP"]
[Date "2006.08.01"]
[Round "8"]
[White "Martorell Aguado,J"]
[Black "Garcia Castro,P"]
[Result "0-1"]
[WhiteElo "2197"]
[BlackElo "2336"]

1.e4 d6 2.d4 Nf6 3.Nc3 Nbd7 4.Nf3 e5 5.Bc4 Be7 6.O-O O-O 7.a4 c6 8.h3 a5
9.Qe2 h6 10.b3 Nh7 11.Nd1 exd4 12.Nxd4 Bf6 13.c3 Re8 14.Qh5 Ne5 15.Be2 Ng6
16.Bd3 Ng5 17.Bxg5 hxg5 18.Ne3 Nf4 19.Qd1 g6 20.Bc2 Kg7 21.Ng4 Rh8 22.Qf3 Be5
23.Nxe5 dxe5 24.Ne2 g4 25.Qe3 Nxe2+ 26.Qxe2 gxh3 27.g3 h2+ 28.Kh1 Qg5 29.f4 Qxg3
30.f5 Rh4 31.Rf3 Qg5 32.Rf2 Bd7 33.Rd1 c5 34.Rg2 Qe7 35.Rd3 Rah8 36.Rf3 Qe8
37.Qc4 Rf4 38.Rxf4 exf4 39.Qxc5 f3 40.Qd4+ Kg8 41.Rg3 Bxf5 42.Rxf3 Rh4 43.Re3 Qb8
44.Rf3 Rg4 45.Rf1 Qg3 46.Qf2 Bxe4+ 47.Bxe4 Rxe4 48.Qxh2 Re3 49.Rf6 Rxc3 50.Rb6 Kg7  0-1

[Event "MTO Open"]
[Site "Biel SUI"]
[Date "2006.08.03"]
[Round "10"]
[White "Sudakova,I"]
[Black "Pikula,D"]
[Result "1/2-1/2"]
[WhiteElo "2376"]
[BlackElo "2545"]

1.e4 d6 2.d4 Nf6 3.Nc3 e5 4.Nf3 Nbd7 5.Bc4 Be7 6.O-O O-O 7.Re1 c6 8.a4 b6
9.b3 a6 10.Bb2 Bb7 11.Bd3 Re8 12.Ne2 exd4 13.Nfxd4 c5 14.Nf5 Bf8 15.Neg3 g6
16.Qd2 gxf5 17.Qg5+ Kh8 18.Nxf5 Re5 19.f4 h6 20.Nxh6 Rxg5 21.Nxf7+ Kg8 22.Nxd8 Rxg2+
23.Kxg2 Rxd8 24.Kf2 Bg7 25.Rg1 Kf8 26.Rae1 Bh8 27.e5 Nd5 28.Rg5 dxe5 29.fxe5 Ke7
30.Be4 Nf4 31.Bc1 Bxe4 32.Rxe4 Ne6 33.Rh5 Rf8+ 34.Ke2 Nd4+ 35.Rxd4 cxd4 36.Ba3+ Nc5
37.a5 Kd7 38.axb6 Kc6 39.b7 Re8 40.Rh6+ Kb5 41.Bxc5 Kxc5 42.Rxa6 Bxe5 43.Kd3 Rb8
44.Ra5+ Kd6 45.Rb5 Bg7 46.h4 Kc6 47.Kc4 Rxb7 48.Rxb7 Kxb7 49.h5 Kc6 50.h6 Bh8
51.h7 Bg7 52.b4 Kb6 53.b5 Bh8 54.Kb4  1/2-1/2

[Event "Ave-Kontakt Cup"]
[Site "Olomouc CZE"]
[Date "2006.08.03"]
[Round "2"]
[White "Geske,J"]
[Black "Damia,A"]
[Result "1-0"]
[WhiteElo "2173"]
[BlackElo "2237"]

1.e4 d6 2.d4 Nf6 3.Nc3 e5 4.Nf3 Nbd7 5.Bc4 Be7 6.O-O O-O 7.Re1 c6 8.a4 a5
9.h3 exd4 10.Nxd4 d5 11.exd5 Nb6 12.Bb3 Nbxd5 13.Nxd5 Nxd5 14.Bxd5 cxd5 15.b3 Bf6
16.Bf4 Bxd4 17.Qxd4 Qh4 18.Re5 Be6 19.Rae1 Qf6 20.R1e3 Rac8 21.Rg3 g6 22.Bh6 Rfe8
23.Rf3 Qh8 24.Qf4 f5 25.Rfe3 Qf6 26.Qd4 Kf7 27.Qb6 Rxc2 28.Qxb7+ Re7 29.Qb8 Rc1+
30.Kh2 Rc8 31.Qd6 Rce8 32.f4 Rd7 33.Qc6  1-0

[Event "Agentura 64 Cup"]
[Site "Olomouc CZE"]
[Date "2006.08.04"]
[Round "3"]
[White "Parligras,C"]
[Black "Prikryl,T"]
[Result "1-0"]
[WhiteElo "2232"]
[BlackElo "2072"]

1.e4 d6 2.d4 Nf6 3.Nc3 Nbd7 4.Nf3 e5 5.Bc4 Be7 6.O-O O-O 7.h3 c6 8.a4 b6
9.Qe2 Qc7 10.Bg5 a6 11.Rfd1 h6 12.Be3 Bb7 13.dxe5 dxe5 14.Nh4 b5 15.Ng6 Rfe8
16.axb5 axb5 17.Rxa8 Bxa8 18.Nxe7+ Rxe7 19.Bb3 b4 20.Na4 Nxe4 21.Bxh6 c5
22.Qg4 g5 23.f3 c4 24.fxe4 f6 25.Bxc4+ Qxc4 26.Rxd7 Bxe4 27.Rxe7  1-0

[Event "Inline Czechia Cup"]
[Site "Olomouc CZE"]
[Date "2006.08.04"]
[Round "4"]
[White "Kanovsky,D"]
[Black "Kersten,U"]
[Result "1/2-1/2"]
[WhiteElo "2368"]
[BlackElo "2329"]

1.e4 d6 2.d4 Nf6 3.Nc3 Nbd7 4.f4 e5 5.dxe5 dxe5 6.fxe5 Nxe5 7.Qxd8+ Kxd8
8.Bf4 Bd6 9.O-O-O Nfd7 10.Kb1 a6 11.Nf3 Re8 12.Nd4 g6 13.Nd5 f6 14.Nf3 Nf7
15.Bxd6 Nxd6 16.Bd3 c6 17.Nxf6 Nxf6 18.e5 Ng4 19.Be2 Nxe5 20.Rxd6+ Kc7 21.Rd2 Nxf3  1/2-1/2